| 000 | 00974cam a22002771 4500 | ||
|---|---|---|---|
| 001 | 5001 | ||
| 003 | BD-RjUL | ||
| 005 | 20211208234006.0 | ||
| 008 | 131224s1963 -uk 001 0 eng | ||
| 035 | _a(BD-RjUL)5037 | ||
| 035 | _a(OCoLC)165381 | ||
| 040 |
_aDLC _cOAkU _dUk _dDLC _dBD-RjUL _beng |
||
| 041 | _aeng | ||
| 082 |
_a306.85 _bPHF 1963 |
||
| 100 | 1 |
_aPhilp, A. F. _q(Albert Frederic) _915735 |
|
| 245 | 1 | 0 |
_aFamily failure : _ba study of 129 families with multiple problems / _cBased on research undertaken for Family Service Units by Douglas Woodhouse. With a foreword by John Wolfenden. |
| 260 |
_aLondon : _bFaber and Faber, _cc1963. |
||
| 300 |
_a311 p. : _bill. ; _c22 cm. |
||
| 504 | _aIncludes Bibliography and index. | ||
| 650 | 0 |
_aFamilies _zGreat Britain _vCase studies. _915736 |
|
| 650 | 0 |
_aSocial case work _vCase studies. _915737 |
|
| 700 | 1 |
_aWoodhouse, Douglas. _915738 |
|
| 700 | 1 |
_aWolfenden, John. _915739 |
|
| 942 |
_2ddc _cBK |
||
| 999 |
_c5001 _d5001 |
||